[Event "HUN-chT2 Erkel 1819"]
[Site "Hungary"]
[Date "2018.10.28"]
[Round "1.3"]
[White "Szepes, Tamas"]
[Black "Pal, Geza"]
[Result "0-1"]
[WhiteElo "2178"]
[BlackElo "2111"]
[PlyCount "42"]
[EventDate "2018.10.28"]
[EventType "team-tourn"]
[EventRounds "9"]
[EventCountry "HUN"]
[SourceTitle "EXT 2021"]
[Source "ChessBase"]
[SourceDate "2020.10.23"]
[SourceVersion "1"]
[SourceVersionDate "2020.10.23"]
[SourceQuality "1"]
[WhiteTeam "Pestszentlorinc"]
[BlackTeam "Fot"]
[WhiteTeamCountry "HUN"]
[BlackTeamCountry "HUN"]

1. d4 d5 2. c4 c6 3. Nc3 Nf6 4. cxd5 cxd5 5. Bf4 Nc6 6. e3 e6 7. Bd3 Bd6 8. Nge2 0-0 9. Rc1 e5 10. dxe5 Nxe5 11. Bb1 Be6 12. Nd4 Nc6 13. Bg3 Qd7 14. Nxc6 bxc6 15. Qc2 g6 16. Qa4 Rfb8 17. Qd4 Nh5 18. Ne4 Rb4 19. Nf6+ Nxf6 20. Qxf6 Be7 21. Qc3 Rc4 0-1

[Event "HUN-chT2 Erkel 1718"]
[Site "Hungary"]
[Date "2017.10.29"]
[Round "3.4"]
[White "Martian, Dragos Daniel"]
[Black "Pal, Geza"]
[Result "1-0"]
[WhiteElo "2210"]
[BlackElo "2138"]
[PlyCount "33"]
[EventDate "2017.09.24"]
[EventType "team-tourn"]
[EventRounds "11"]
[EventCountry "HUN"]
[SourceTitle "EXT 2021"]
[Source "ChessBase"]
[SourceDate "2020.10.23"]
[SourceVersion "1"]
[SourceVersionDate "2020.10.23"]
[SourceQuality "1"]
[WhiteTeam "Szigetszentmiklos"]
[BlackTeam "Fot"]
[WhiteTeamCountry "HUN"]
[BlackTeamCountry "HUN"]

1. e4 c5 2. c3 Nf6 3. e5 Nd5 4. d4 cxd4 5. Nf3 e6 6. cxd4 b6 7. a3 Bb7 8. Bd3 d6 9. 0-0 Nd7 10. Qe2 Rc8 11. Bd2 Be7 12. Re1 h6 13. h3 Qc7 14. Nc3 dxe5 15. Nb5 Qb8 16. Nxe5 N7f6 17. Nxf7 1-0

[Event "HUN-chT2 Erkel 1617"]
[Site "Hungary"]
[Date "2017.04.09"]
[Round "11.4"]
[White "Kovacs, Daniel1111"]
[Black "Pal, Geza"]
[Result "1-0"]
[WhiteElo "1990"]
[BlackElo "2204"]
[PlyCount "33"]
[EventDate "2016.09.25"]
[EventType "team-tourn"]
[EventRounds "11"]
[EventCountry "HUN"]
[SourceTitle "EXT 2021"]
[Source "ChessBase"]
[SourceDate "2020.10.23"]
[SourceVersion "1"]
[SourceVersionDate "2020.10.23"]
[SourceQuality "1"]
[WhiteTeam "Salgotarjan"]
[BlackTeam "Fot"]
[WhiteTeamCountry "HUN"]
[BlackTeamCountry "HUN"]

1. e4 c5 2. Nf3 d6 3. d4 cxd4 4. Nxd4 Nf6 5. Nc3 a6 6. Be2 e5 7. Nb3 Be6 8. Bg5 h6 9. Bh4 Be7 10. Qd2 b5 11. Bxf6 Bxf6 12. Rd1 Nc6 13. Qxd6 Qxd6 14. Rxd6 Nb4 15. 0-0 Be7 16. Rb6 Bc5 17. Nxc5 1-0

[Event "HUN-chT2 Erkel 1617"]
[Site "Hungary"]
[Date "2017.03.12"]
[Round "10.4"]
[White "Pal, Geza"]
[Black "Kiss, Peter2222"]
[Result "1/2-1/2"]
[WhiteElo "2204"]
[BlackElo "2133"]
[PlyCount "80"]
[EventDate "2016.09.25"]
[EventType "team-tourn"]
[EventRounds "11"]
[EventCountry "HUN"]
[SourceTitle "EXT 2021"]
[Source "ChessBase"]
[SourceDate "2020.10.23"]
[SourceVersion "1"]
[SourceVersionDate "2020.10.23"]
[SourceQuality "1"]
[WhiteTeam "Fot"]
[BlackTeam "Budapest Kobanya II"]
[WhiteTeamCountry "HUN"]
[BlackTeamCountry "HUN"]

1. d4 b5 2. e4 Bb7 3. Bd3 Nf6 4. Qe2 b4 5. Nf3 e6 6. 0-0 Be7 7. Bg5 h6 8. Bh4 Nc6 9. c3 g5 10. Bg3 Nh5 11. d5 Nxg3 12. hxg3 Nb8 13. cxb4 Bxb4 14. Nc3 a5 15. Rac1 Na6 16. Rfd1 0-0 17. Bc4 Bxc3 18. Rxc3 Qe7 19. Bxa6 Bxa6 20. Qc2 Rac8 21. Rxc7 Rxc7 22. Qxc7 Rc8 23. Qxa5 Be2 24. Re1 Bxf3 25. gxf3 Qf6 26. dxe6 dxe6 27. Rd1 Qxb2 28. Rd8+ Rxd8 29. Qxd8+ Kg7 30. Qa5 g4 31. f4 Qb1+ 32. Kh2 Qc2 33. Qe5+ f6 34. Qd4 Qxa2 35. Kg2 Qb3 36. Qd7+ Kf8 37. Qh7 Qf3+ 38. Kg1 Qd1+ 39. Kh2 Qf3 40. Qxh6+ Kf7 1/2-1/2

[Event "HUN-chT2 Erkel 1516"]
[Site "Hungary"]
[Date "2015.10.04"]
[Round "2.5"]
[White "Pal, Geza"]
[Black "Gorcsi, Gabor"]
[Result "0-1"]
[WhiteElo "2174"]
[BlackElo "2231"]
[PlyCount "100"]
[EventDate "2015.09.13"]
[EventType "team-tourn"]
[EventRounds "11"]
[EventCountry "HUN"]
[SourceTitle "CBM 170 Extra"]
[Source "ChessBase"]
[SourceDate "2016.02.25"]
[SourceVersion "1"]
[SourceVersionDate "2016.02.25"]
[SourceQuality "1"]
[WhiteTeam "Foti"]
[BlackTeam "HASE"]
[WhiteTeamCountry "HUN"]
[BlackTeamCountry "HUN"]

1. d4 Nf6 2. Nf3 g6 3. g3 Bg7 4. Bg2 0-0 5. 0-0 d6 6. Nc3 Nbd7 7. h3 c6 8. Be3 Nb6 9. Rb1 h6 10. Bc1 Qc7 11. e4 e5 12. b3 a5 13. Be3 Nbd7 14. dxe5 dxe5 15. Qd2 Kh7 16. Rbd1 Re8 17. Rfe1 Bf8 18. Nh2 a4 19. Nxa4 b5 20. Nc3 Qa5 21. Qd3 Ba6 22. Ne2 b4 23. Qd2 Red8 24. Qc1 Qxa2 25. Rd2 Qa3 26. Nf1 Nc5 27. f3 Bb5 28. Qb1 Rxd2 29. Bxd2 Ne6 30. Be3 Qa2 31. Qc1 Qa3 32. Qb1 Qa2 33. Qc1 Nc5 34. g4 Ne6 35. h4 Qa3 36. Qb1 Nd7 37. Nfg3 Bc5 38. Bxc5 Ndxc5 39. Rd1 Qa7 40. Kh2 Qe7 41. Kh3 Qf6 42. Rd2 Nf4+ 43. Nxf4 exf4 44. Qg1 Qc3 45. h5 fxg3 46. hxg6+ fxg6 47. Rd1 Qe5 48. f4 Qc3 49. e5 Ne6 50. Rf1 Bxf1 0-1

[Event "HUN-chT2 Erkel 1314"]
[Site "Hungary"]
[Date "2013.11.03"]
[Round "4.4"]
[White "Pal, Geza"]
[Black "Frink, Ferenc"]
[Result "1-0"]
[WhiteElo "2218"]
[BlackElo "2082"]
[PlyCount "63"]
[EventDate "2013.09.08"]
[EventType "team-tourn"]
[EventRounds "11"]
[EventCountry "HUN"]
[SourceTitle "EXT 2016"]
[Source "ChessBase"]
[SourceDate "2015.10.08"]
[SourceVersion "1"]
[SourceVersionDate "2015.10.08"]
[SourceQuality "1"]
[WhiteTeam "Fot"]
[BlackTeam "Gyongyos Matra"]
[WhiteTeamCountry "HUN"]
[BlackTeamCountry "HUN"]

1. d4 Nf6 2. c4 Nc6 3. Nf3 e6 4. e3 Bb4+ 5. Bd2 Bxd2+ 6. Nbxd2 0-0 7. Bd3 d6 8. 0-0 e5 9. d5 Ne7 10. Qc2 Ng6 11. h3 c6 12. dxc6 bxc6 13. c5 Re8 14. cxd6 Qxd6 15. Ne4 Qe7 16. Nxf6+ Qxf6 17. Be4 Re6 18. Rfd1 Nf8 19. Rac1 Bb7 20. Qc5 a5 21. Rd2 a4 22. Rcd1 Ba6 23. Qa5 Bb7 24. Qb6 Ba6 25. Rd8 Be2 26. Rxa8 Bxd1 27. Qb8 Qe7 28. Ng5 g6 29. Nxe6 fxe6 30. Qd8 Qb4 31. Bxc6 Bc2 32. Qf6 1-0

[Event "HUN-chT2 Maroczy 0910"]
[Site "Hungary"]
[Date "2010.01.31"]
[Round "5"]
[White "Pasztorcsik, Janos"]
[Black "Pal, Geza"]
[Result "1-0"]
[WhiteElo "2110"]
[BlackElo "2257"]
[PlyCount "89"]
[EventDate "2009.11.08"]
[EventType "team-tourn"]
[EventRounds "11"]
[EventCountry "HUN"]
[SourceTitle "EXT 2011"]
[Source "ChessBase"]
[SourceDate "2010.11.26"]
[SourceVersion "1"]
[SourceVersionDate "2010.11.26"]
[SourceQuality "1"]
[WhiteTeam "Oroshaza"]
[BlackTeam "Penzugyor II"]
[WhiteTeamCountry "HUN"]
[BlackTeamCountry "HUN"]

1. d4 Nf6 2. c4 e6 3. Nf3 b6 4. g3 Bb4+ 5. Bd2 Qe7 6. Bg2 Bb7 7. 0-0 0-0 8. a3 Bxd2 9. Nbxd2 c5 10. e3 d5 11. Rc1 Nbd7 12. Qc2 Rfc8 13. Qb1 Rc7 14. b4 dxc4 15. dxc5 bxc5 16. Rxc4 Rb8 17. Rfc1 Ba6 18. Rh4 Rcc8 19. Bf1 Bxf1 20. Kxf1 cxb4 21. Rxc8+ Rxc8 22. Qxb4 Kf8 23. Kg2 h6 24. Qa5 Nb6 25. Qa6 Rc7 26. a4 Nfd7 27. a5 Nd5 28. Rc4 Nb4 29. Qb5 Rxc4 30. Nxc4 a6 31. Qb7 f6 32. Nd4 Kf7 33. Qc7 Kg6 34. Nb6 e5 35. Nf3 Qc5 36. Qxd7 Qxa5 37. Nc8 Qb5 38. Nh4+ Kh7 39. Qf5+ Kg8 40. Qe6+ Kh7 41. Ne7 Qe8 42. Qf5+ Kh8 43. Nhg6+ Kh7 44. Nf8+ Kh8 45. Qh7# 1-0

[Event "HUN-chT2 Erkel 0809"]
[Site "Hungary"]
[Date "2008.12.21"]
[Round "4.5"]
[White "Pal, Geza"]
[Black "Purkald, Mihaly"]
[Result "1-0"]
[WhiteElo "2235"]
[BlackElo "2174"]
[PlyCount "59"]
[EventDate "2008.10.26"]
[EventType "team-tourn"]
[EventRounds "11"]
[EventCountry "HUN"]
[SourceTitle "EXT 2010"]
[Source "ChessBase"]
[SourceDate "2010.11.25"]
[SourceVersion "1"]
[SourceVersionDate "2010.11.25"]
[SourceQuality "1"]
[WhiteTeam "PSE II"]
[BlackTeam "Keviterv"]
[WhiteTeamCountry "HUN"]
[BlackTeamCountry "HUN"]

1. d4 d5 2. Nf3 Nf6 3. c4 e6 4. Nc3 b6 5. Bg5 Be7 6. Rc1 0-0 7. e3 Bb7 8. Bd3 a6 9. 0-0 Nbd7 10. cxd5 exd5 11. Re1 Ne4 12. Bf4 Rc8 13. h3 Re8 14. Bc2 Bd6 15. Bxd6 Nxd6 16. Bb3 Nf6 17. Ne5 Nde4 18. Bc2 c5 19. f4 Nxc3 20. bxc3 Ne4 21. Bxe4 dxe4 22. Re2 b5 23. Rd2 Qd6 24. Kf2 c4 25. Qg4 f6 26. Qd7 Qa3 27. Qxb7 Qxc1 28. Qd5+ Kh8 29. Nf7+ Kg8 30. Nh6+ 1-0

[Event "HUN-chT2 Erkel 0809"]
[Site "Hungary"]
[Date "2008.11.30"]
[Round "3.6"]
[White "Pal, Geza"]
[Black "Banhazi, Istvan"]
[Result "1-0"]
[WhiteElo "2235"]
[BlackElo "2107"]
[PlyCount "67"]
[EventDate "2008.10.26"]
[EventType "team-tourn"]
[EventRounds "11"]
[EventCountry "HUN"]
[SourceTitle "EXT 2010"]
[Source "ChessBase"]
[SourceDate "2010.11.25"]
[SourceVersion "1"]
[SourceVersionDate "2010.11.25"]
[SourceQuality "1"]
[WhiteTeam "PSE II"]
[BlackTeam "MAFC"]
[WhiteTeamCountry "HUN"]
[BlackTeamCountry "HUN"]

1. d4 Nf6 2. Nf3 g6 3. g3 Bg7 4. Bg2 0-0 5. c4 c5 6. 0-0 Nc6 7. Nc3 d6 8. dxc5 dxc5 9. Be3 Nd7 10. Rc1 Re8 11. Qd2 Nce5 12. Nxe5 Bxe5 13. Rfd1 Qa5 14. b3 Rb8 15. Ne4 Qc7 16. Bh3 f5 17. Ng5 Nf6 18. Nf3 Bd6 19. Bg2 Ne4 20. Qd3 Be6 21. Ng5 Nxg5 22. Bxg5 Bf7 23. Rd2 b6 24. Rcd1 a6 25. Bd5 Be5 26. Bxf7+ Kxf7 27. Qd5+ Kg7 28. Qe6 Bd6 29. e3 b5 30. Rd5 Rb6 31. Bf6+ Kh6 32. Qf7 exf6 33. Qxe8 bxc4 34. Rxd6 1-0

[Event "HUN-chT2 Maroczy 0708"]
[Site "Hungary"]
[Date "2008.03.30"]
[Round "9"]
[White "Pal, Geza"]
[Black "Toth, Daniel"]
[Result "1/2-1/2"]
[WhiteElo "2249"]
[BlackElo "2077"]
[PlyCount "91"]
[EventDate "2007.10.14"]
[EventType "team"]
[EventRounds "11"]
[EventCountry "HUN"]
[SourceTitle "EXT 2009"]
[Source "ChessBase"]
[SourceDate "2008.11.26"]
[SourceVersion "1"]
[SourceVersionDate "2008.11.26"]
[SourceQuality "1"]
[WhiteTeam "Penzugyor"]
[BlackTeam "Sarospatak"]
[WhiteTeamCountry "HUN"]
[BlackTeamCountry "HUN"]

1. d4 d5 2. Nf3 Nf6 3. Bf4 c6 4. e3 Bg4 5. Bd3 e6 6. Nbd2 Nbd7 7. 0-0 Be7 8. c4 Nh5 9. Qb3 Nxf4 10. exf4 Bxf3 11. Nxf3 dxc4 12. Bxc4 Nb6 13. Rfe1 Nxc4 14. Qxc4 0-0 15. Rad1 Qb6 16. f5 Qb4 17. Qe2 Bf6 18. fxe6 fxe6 19. Qxe6+ Kh8 20. h3 Rad8 21. b3 h6 22. Qc4 Qa5 23. Qc2 Bxd4 24. Re4 Bf6 25. Rde1 Qf5 26. Qc4 Qd5 27. Qb4 c5 28. Qb5 a6 29. Qa5 Qc6 30. Re6 Rd6 31. Rxd6 Qxd6 32. Re2 Qd1+ 33. Qe1 Qxe1+ 34. Rxe1 Rd8 35. Kf1 Kg8 36. Ke2 Kf7 37. Rc1 b6 38. Rc4 Ke6 39. Nd2 Rd4 40. Rxd4 Bxd4 41. f4 Kd5 42. g4 b5 43. Kd3 Bb2 44. Kc2 Bd4 45. Kd3 Bb2 46. Kc2 1/2-1/2